[Event "FIDE World Cup"]
[Site "Baku"]
[Date "2015.09.11"]
[Round "1.1"]
[White "Wang, Hao"]
[Black "Perunovic, Milos"]
[Result "1-0"]
[WhiteElo "2712"]
[BlackElo "2614"]
[Annotator "Krasenkow,M"]
[PlyCount "117"]
[EventDate "2015.09.11"]
[EventType "k.o."]
[EventRounds "7"]
[EventCountry "AZE"]
[SourceTitle "CBM 169"]
[Source "ChessBase"]
[SourceDate "2015.11.10"]
[SourceVersion "1"]
[SourceVersionDate "2015.11.10"]
[SourceQuality "1"]

1. d4 Nf6 2. c4 e6 3. Nc3 Bb4 4. Qc2 c5 5. dxc5 O-O 6. a3 Bxc5 7. Nf3 Nc6 8.
Bg5 h6 9. Bh4 Be7 {Not the most popular move order; however, various
transpositions may lead to similar positions in this system.} 10. Rd1 b6 11. e3
(11. e4 {is another plan.}) 11... Bb7 12. Be2 Rc8 ({In the following game
Black did without the rook move, and White kept some pressure:} 12... a6 13.
O-O Nh5 14. Bxe7 Nxe7 15. Qd2 Nf6 16. Ne5 d5 17. cxd5 Nexd5 18. Nxd5 Bxd5 19.
Rc1 Qb8 20. Qc3 b5 21. Qc7 Ra7 22. Qxb8 Rxb8 23. Rfd1 Kf8 24. f3 Ba8 25. e4 $14
{1/2 (41) Bukavshin,I (2487)-Shomoev,A (2582) Izhevsk 2012}) 13. O-O Na5 (13...
Nh5 $5 14. Bxe7 Qxe7 15. b4 (15. Qa4 Nf6 16. Nb5 d5 17. Nxa7 Nxa7 18. Qxa7 Qc7
19. Qa4 dxc4 $11 {1/2 (22) Izoria,Z (2541)-Georgiev,K (2637) Rethymnon 2003}) (
15. Qd2 $5) 15... Nf6 16. Qb3 Rfd8 17. Rd2 a5 18. Rb1 axb4 19. axb4 d5 20. cxd5
Nxd5 21. Nxd5 Rxd5 22. Rxd5 exd5 23. b5 Na5 24. Qd3 Nc4 25. Nd4 Nd6 26. Bg4 Rc5
$11 {1/2 (43) Chekhov,V (2495)-Reeh,O (2465) Gausdal 1990}) 14. Nd2 (14. b3 d5
15. Qb2 Qe8 16. cxd5 Nxd5 17. Nxd5 Bxd5 $11 {0-1 (31) Ramirez,A (2331)-Coleman,
P (2535) ICCF 2001}) (14. Ne5 d6 (14... d5 $5 15. b4 Nc6 16. Nxc6 Rxc6 17. cxd5
exd5 18. Bb5 Rc8 19. Qb3 Rxc3 20. Qxc3 Ne4 21. Bxe7 Nxc3 22. Bxd8 Rxd8 23. a4
Nxd1 24. Rxd1 Kf8 25. Kf1 Rc8 $11 {1/2 (41) Lauber,A (2380)-Gipslis,A (2470)
Pardubice 1996}) 15. b4 Qe8 $1 16. bxa5 (16. Ng6 fxg6 17. bxa5 bxa5 18. f4 {
0-1 (53) Kalesis,N (2390)-Graf,A (2580) Aegina 1996} d5 $15) 16... dxe5 17.
axb6 axb6 18. Qb1 $1 g5 (18... Bxa3 19. Qxb6 Qc6 20. Qxc6 Bxc6 21. Nb5 Bc5 22.
Bg3 Nd7 $11 {V.Golod}) 19. Bg3 Qc6 20. Bf3 e4 21. Be2 {1/2 (69) Golod,V (2578)
-Solleveld,M (2463) Zuerich 2005 CBM 110 ext [Golod,V]} Ba6 $132) 14... d5 15.
b4 Nc6 (15... Nxc4 16. Nxc4 Qc7 17. Bg3 Qc6 {1/2 (23) Gomez,A-Emmanuel,B LSS
2008} 18. b5 Qc5 19. Na4 Qxb5 20. Nd6 $1 Rxc2 21. Bxb5 $14) 16. Nf3 Qe8 (16...
a5 $5 17. Qb2 $5 (17. b5 $143 Nb8 18. Qb2 Nbd7 19. Na4 g5 20. Bg3 Ne4 21. Nd2
Bf6 22. Qa2 Nxg3 23. hxg3 Qc7 $15 {1-0 (43) Nadera,B (2390)-Hamid,R (2105)
Manila 1992}) 17... axb4 $140 18. axb4 Bxb4 $6 (18... Nxb4 $6 19. Bxf6 gxf6 20.
cxd5 $36) 19. Nxd5 $1 exd5 20. cxd5 Qe7 21. dxc6 Bxc6 22. Bxf6 gxf6 23. Nd4 $36
) 17. Qb3 dxc4 18. Bxc4 a6 19. Be2 Nb8 $11 {Black has solved his opening
problems.} 20. Ne5 $6 {This risky move looks like a blunder. Is it indeed a
voluntary sacrifice?} Nd5 $1 {[%mdl 64]} (20... b5 {[%cal Yb8d7] is quite
enough for equality but the text move wins an exchange.}) 21. Nxd5 (21. Bxe7
Nxc3 (21... Rxc3 $143 22. Qb2 Qxe7 23. Rxd5 Qc7 24. Rd4 Rc2 25. Rc4 $1) 22.
Bxf8 Nxe2+ 23. Kh1 Kxf8 {is clearly poor for White.}) 21... Bxd5 22. Rxd5 $8
exd5 23. Bg3 Rd8 $6 {Black starts playing passively, and White gradually
obtains good compensation.} (23... Bh4 $5 24. Bxh4 (24. Bf4 g5 $1 25. Nf3 Bxf2+
26. Rxf2 gxf4 27. exf4 Qe6) 24... Qxe5 25. Bg3 Qc3 26. Qxd5 Rfd8 $15 {[%csl
Gc3,Gc8,Gd8]}) 24. Rc1 Bf6 25. Ng4 Qe6 26. Nxf6+ Qxf6 27. Bc7 Rc8 $6 (27... Rd7
$142 $1 $15 28. Bg4 $140 $2 Rc8 $1 29. Bxd7 Rxc7 $1 $19) 28. Bg4 Nd7 29. Qxd5
Qb2 30. Qd1 f5 31. Be2 Nf6 $2 {Why give up the a6-pawn?} (31... b5 {was more
appropriate, e.g.} 32. a4 $1 Nf6 33. axb5 axb5 34. Rb1 Qa2 $13 {[%cal Yf6e4]})
32. Bxa6 Rce8 (32... Qxa3 33. Bxc8 Rxc8 34. h3 $1 Qxb4 (34... Ne8 $143 35. Ra1
$1 Qxb4 36. Qd5+ Kh8 37. Be5) 35. Rb1 Qc4 36. Bxb6 $16) 33. Qc2 (33. Bxb6 $5
Qxa3 34. Bc4+ Kh8 35. b5 $16) 33... Qxa3 34. Bc4+ Kh8 35. Bd6 Ne4 36. Bxf8 Rxf8
{White has won a pawn and, despite a lot of technical problems, manages to
convert it.} 37. Rb1 Rc8 38. Qd3 Nc3 39. Rf1 f4 (39... Qxb4 40. Be6 Ra8 41.
Bxf5) 40. exf4 Qxb4 41. Be6 Re8 $2 {Black overlooks a strong rearrangement of
White's pieces.} (41... Rf8 $142) 42. Qg6 Rd8 43. Bf5 Kg8 44. Qe6+ Kh8 45. Qg6
Kg8 46. g3 (46. Qh7+ Kf7 47. Bg6+ Kf6 48. Bd3 $1 Kf7 49. Qf5+ Kg8 50. Qe6+ Kh8
51. Qg6 Kg8 52. Re1 Ne2+ 53. Kf1 $1 {was winning by force.}) 46... Qd6 47. Qh7+
Kf7 (47... Kf8 48. Re1 Qd5 49. Bg4 $18 {[%cal Yf4f5]}) 48. Re1 Ne2+ 49. Kg2 Nd4
50. Re5 b5 51. Bg4 Qc6+ 52. Kh3 Qc4 53. Bh5+ Kf8 54. Qg6 Qc8+ 55. f5 Kg8 56.
Bg4 Qc7 57. Re8+ Rxe8 58. Qxe8+ Kh7 59. Bh5 1-0

[Event "RUS-CHN Summit Men 4th"]
[Site "Nizhnij Novgorod"]
[Date "2007.08.30"]
[Round "10"]
[White "Bu, Xiangzhi"]
[Black "Tomashevsky, Evgeny"]
[Result "1-0"]
[WhiteElo "2685"]
[BlackElo "2654"]
[Annotator "Krasenkow,M"]
[PlyCount "123"]
[EventDate "2007.08.20"]
[EventType "schev"]
[EventRounds "10"]
[EventCountry "RUS"]
[SourceTitle "CBM 120"]
[Source "ChessBase"]
[SourceDate "2007.10.02"]
[SourceVersion "1"]
[SourceVersionDate "2007.10.02"]
[SourceQuality "1"]

1. d4 Nf6 2. c4 e6 3. Nc3 Bb4 4. Qc2 c5 5. dxc5 O-O 6. a3 Bxc5 7. Nf3 b6 8. Bf4
Bb7 9. Rd1 Nc6 10. e3 Nh5 (10... Be7 {is probably more solid.}) 11. Bg3 f5 12.
Be2 Rc8 {This line was examined in CBM102ext, annotations to Erdos-Dearing. It
seems that it is rather favorable for White} 13. Qd2 $146 {[%mdl 8] Directly
attacking the backward d7 pawn.} (13. O-O $5 {is an interesting alternative,
which brought White success in the following game:} Nxg3 14. hxg3 Be7 15. Nb5
Rf7 16. Rd2 a6 17. Rfd1 $1 Nb8 18. Nd6 Bxd6 19. Rxd6 Re7 20. Ne5 Rc5 21. f4 Qc7
22. Qd2 $16 {1-0 Jelen,I-Jovanic,O/Ljubljana 2005/CBM 107 ext (31)}) (13. Nb5
f4 (13... Nxg3 14. hxg3 Ba8 15. g4 h6 16. gxf5 Rxf5 17. Rh3 $6 (17. Bd3 $1 Rf6
18. Bh7+ Kh8 19. Be4 $16 {Dearing}) 17... a6 18. Nc3 Ne5 19. Nxe5 Rxe5 20. Bf3
Bxf3 21. gxf3 Bf8 {1/2-1/2 Baburin,A-Chandler,M/West Bromwich 2003/EXT 2005 
(28)}) 14. exf4 Nxf4 15. O-O a5 $5 16. Nd6 Rb8 17. Ne4 $6 (17. Bd3 $1 $16 {
Dearing}) 17... e5 $1 18. Neg5 g6 19. Bxf4 Rxf4 20. Ne6 dxe6 $3 21. Rxd8+ Rxd8
$44 {1/2-1/2 Erdos,V-Dearing,E/Budapest 2004/CBM 102 ext/[Dearing] (41)}) 13...
Nxg3 14. hxg3 Qf6 {Black gives up the pawn but doesn't get sufficient
compensation.} (14... Rf7 15. Nb5 $5 $36 (15. e4 $5)) 15. Qxd7 Rf7 16. Qd2 Rd8
17. Qc2 Rxd1+ 18. Bxd1 g6 19. Qd2 $6 (19. g4 $142 $1 fxg4 $140 20. Ne4) 19...
h5 {Not only losing time but also weakening the g6 pawn.} (19... Rf8 $1 $132 {
[%cal Yf8d8]} 20. Ne2 (20. e4 Nd4 $1) 20... Rd8 21. Qc3 Be7 $44) 20. Ne2 Qg7 (
20... Rf8 {is too late:} 21. Ba4 Rd8 22. Qc3 Be7 23. Nf4 {[%csl Re6,Rg6]}) 21.
Ba4 Rd7 22. Qc3 Rc7 23. O-O Be7 24. Rd1 Qxc3 25. Nxc3 {and White gradually
converted his extra pawn in the endgame:} a6 26. b4 Kg7 27. Bb3 Kf6 28. Na4 b5
29. Nb6 bxc4 30. Bxc4 Nb8 31. Nd4 Nd7 32. Nxd7+ Rxd7 33. Rb1 Rd6 34. Nb3 Be4
35. Rc1 Bd3 36. Nd4 Bxc4 37. Rxc4 e5 38. Nc6 Bf8 39. f4 exf4 40. gxf4 g5 41.
fxg5+ Kxg5 42. Nd4 Kg6 43. Kf2 Rf6 44. Kf3 Bd6 45. Rc6 Be5 46. Rxf6+ Kxf6 47.
Nb3 Bd6 48. Na5 Be5 49. Nb7 Bb2 50. a4 Bc3 51. b5 axb5 52. axb5 Ke6 53. b6 Bb4
54. Nd8+ Kd7 55. Nf7 Bc5 56. Ne5+ Kd6 57. Kf4 Ke6 58. Nc4 Kd5 59. b7 Ba7 60.
Na5 Kc5 61. Kxf5 Kb6 62. e4 $1 (62. e4 Kxa5 63. e5 Kb6 64. e6 Kc7 65. Kf6 $18)
1-0

[Event "Pamplona-A 16th"]
[Site "Pamplona"]
[Date "2006.12.27"]
[Round "5"]
[White "Morozevich, Alexander"]
[Black "Jakovenko, Dmitrij"]
[Result "1/2-1/2"]
[WhiteElo "2747"]
[BlackElo "2671"]
[Annotator "Krasenkow,M"]
[PlyCount "227"]
[EventDate "2006.12.22"]
[EventType "tourn"]
[EventRounds "7"]
[EventCountry "ESP"]
[EventCategory "17"]
[SourceTitle "CBM 116"]
[Source "ChessBase"]
[SourceDate "2007.02.01"]
[SourceVersion "1"]
[SourceVersionDate "2007.02.01"]
[SourceQuality "1"]

1. d4 Nf6 2. c4 e6 3. Nc3 Bb4 4. Qc2 c5 5. dxc5 O-O 6. a3 Bxc5 7. Nf3 b6 8. e4
Nc6 (8... Bb7 {leads to a more popular position, which, by the way, can arise
from the Petrosian system in the QI defense.}) 9. Bd3 $146 {A harmless novelty.
} (9. Bg5 {is met by} h6 10. Bh4 e5 $1 {, e.g.} 11. Be2 a5 12. Rd1 (12. O-O d6
13. Rad1 Be6 14. Nd5 g5 15. Bg3 Rc8 16. Kh1 Nd4 {1/2-1/2 Grigorov,G-Riff,J/La
Fere 2006/CBM 113 ext}) 12... Re8 13. Nd5 g5 14. Bg3 d6 15. Nxf6+ Qxf6 16. Qb1
$6 Be6 17. h4 g4 18. Nd2 a4 19. h5 Kh8 $17 {0-1 Likavsky,T-Dydyshko,V/Cartak
2004/EXT 2005 (49)}) (9. b4 $5 {deserves serious attention. If} Nd4 $6 (9...
Bd6 $1 {needs practical testing}) {then} 10. Qd3 Nxf3+ 11. gxf3 $1 {followed
by a strong attack along the g-file, e.g.} Be7 12. e5 Ne8 13. Rg1 Bb7 14. Ne4
Bxe4 15. Qxe4 a5 16. b5 f5 17. Qe2 Rc8 18. Bb2 Bc5 19. Rd1 Rf7 20. f4 g6 21.
Qh5 Bf8 22. Qf3 Ng7 23. Be2 Bc5 24. Bd4 Ne8 25. Bxc5 Rxc5 26. Qe3 Rg7 27. Rg3
Qc7 28. h4 Qd8 29. h5 $36 {1-0 Marcetic,N-Cabrilo,G/Mataruska Banja 1997/EXT
2002 (36)}) 9... Ng4 10. O-O Qc7 11. Nb5 Qb8 12. h3 Nge5 13. Nxe5 Nxe5 14. Be2
a6 15. Nc3 Qc7 {A typical hedgehog-like position, very solid for Black, has
arisen.} 16. Kh1 Bb7 17. f4 Nc6 18. Bd3 Nd4 19. Qd1 f5 $1 {Starting Black's
counterplay.} 20. b4 Be7 21. Bb2 fxe4 (21... a5 $1 {was apparently very strong.
}) 22. Bxe4 Nf5 23. Qd3 Bxe4 24. Nxe4 Rac8 {It was better to insert ...a7-a5
b4-b5 first:} (24... a5 $5 25. b5 (25. g4 Nd6 $36) 25... Rac8 26. Rac1 Qb7 27.
Kh2 d5 28. cxd5 Qxd5 29. Qe2 Qa2 $1 $36 {[%cal Re7a3]}) 25. Rac1 Qb7 (25... a5
$5) 26. Kh2 d5 (26... a5 27. g4 {is not so clear now.}) 27. cxd5 Qxd5 28. Qe2
$1 Rxc1 $2 {[%mdl 16384] Not a good idea - to give up the c-file.} ({Even now} 
28... Qa2 {[%cal Ya6a5] was better!}) 29. Rxc1 Nd6 30. Rc7 (30. Nxd6 $5 Bxd6 (
30... Qxd6 31. Be5) 31. Rd1 $1 Qf5 (31... Bxf4+ $2 32. g3) 32. g3 Be7 33. Qc4
$1 $16 {[%cal Yd1d7]} (33. Rd7 $143 Rc8 $1)) 30... Rf7 31. Nc3 Qf5 32. Bc1 b5
33. Rc6 $16 Bf8 34. Rxa6 Rc7 35. Bd2 Nc4 36. Be1 Rd7 $2 {[%mdl 8192]
Blundering a second pawn.} (36... Rf7 $142 $16) 37. Nxb5 $1 $18 Nd6 (37... Qxb5
38. Qxe6+ Rf7 (38... Kh8 39. Ra8) 39. a4 Qf5 40. Qxc4 $18) (37... Qxf4+ 38. Bg3
$18) 38. Nc3 (38. Nxd6 Bxd6 39. g3 {was good enough, too.}) 38... Qxf4+ 39. Bg3
Qc4 40. Ra8 (40. a4) 40... Qxe2 41. Nxe2 {The rest is a matter of technique...}
Kf7 42. Nd4 Nc4 43. Nc6 {[%cal Yc6e5]} Bd6 44. Bxd6 Rxd6 45. b5 Rd5 46. a4 e5
47. Ra7+ Ke6 48. Rxg7 Kd6 49. Rxh7 e4 50. Rh4 Nd2 51. Rh6+ Kc5 52. Re6 e3 53.
g4 Rd3 54. Kg3 Ra3 55. Kf4 Nf1 56. Re4 Ra2 57. Nd4 Rf2+ 58. Ke5 Nd2 59. Ne6+
Kb6 60. Rxe3 Nc4+ 61. Kd4 Nxe3 62. Kxe3 Ra2 63. g5 Ra3+ 64. Kf4 Rxh3 65. g6 Rh8
66. g7 Rg8 67. Ke5 Ka5 68. Kf6 Kxa4 69. Nd4 (69. b6 Kb5 70. b7 Kc6 71. b8=Q
Rxb8 72. Nf8 $18) 69... Rd8 70. Ke7 Rxd4 71. g8=Q Kxb5 {[%mdl 4096] Game over?
Not quite, as the famous Gelfand - Svidler rapid game (Moscow wch 2001) shows.
But with a normal time rate?} 72. Qc8 Rd5 73. Ke6 Rd4 74. Ke5 Rd3 75. Qc2 Rd8
76. Qb3+ Kc5 77. Qc3+ Kb5 78. Ke6 Kb6 79. Qc4 Rg8 80. Qd4+ Kc6 81. Qc3+ {
Checks are not the best way to make use of the queen.} (81. Ke7 $142 {as White
played in a similar position... 20 moves later.}) 81... Kb5 82. Kd6 Rg6+ 83.
Kc7 Rg4 84. Qc6+ Kb4 85. Qd6+ Kc3 86. Kc6 Rd4 87. Qa3+ Kd2 88. Kc5 Re4 89. Kd5
Rg4 90. Qf3 Rb4 91. Kc5 Ra4 92. Qf6 Kd3 93. Qd6+ Ke3 94. Qg3+ Ke2 95. Qc3 Rf4
96. Kd5 Rg4 97. Ke5 Rh4 98. Kf5 Kf2 99. Qd3 Rh7 100. Qd4+ Kf3 101. Kg5 Rh2 102.
Qf4+ Kg2 103. Kg4 Kg1 104. Qd4+ Kg2 105. Qd3 Kg1 106. Qe3+ Kf1 107. Qc1+ Kf2
108. Qd2+ Kg1 109. Qe1+ Kg2 {Almost every practical Q vs R ending results in
this position, which (with White to move, of course) is Black's last defensive
line! In fact, it is much more important than the Philidor position, i.e. Kf3,
Qh4- Kg1,Rg2. However... for unknown reasons it is by no way distinguished in
endgame books! In the famous Averbakh monograph it is just one of 20 positions
illustrating this endgame. In "Dvoretsky's endgame manual" it is simply absent
(instead of being put in blue)! Not surprisingly, even top GMs have no idea
how to finish Black off here! And finding it under time pressure is not too
easy. By the way, it was the same obstacle that GM Peter Svidler failed to
overcome!} 110. Qg3+ (110. Qe5 {wins simply:} Kg1 111. Kg3 Rg2+ 112. Kh3 {etc.}
) ({I like another method - passing the move to Black in the following way:} 
110. Qa1 Kf2 111. Qd1 Rg2+ 112. Kf4 Rh2 113. Qd2+ Kg1 114. Qe1+ Kg2 115. Kg4)
110... Kh1 111. Kf3 $4 {And this is hard to understand. GM A.Morozevich falls
into a trap, which is really well-known.} (111. Qe5 {was still correct.})
111... Rf2+ $1 112. Ke3 Re2+ 113. Kd3 Rd2+ 114. Kxd2 1/2-1/2

[Event "Buenos Aires Masters"]
[Site "Buenos Aires"]
[Date "2012.06.01"]
[Round "6"]
[White "Valerga, Diego"]
[Black "Flores, Diego"]
[Result "1/2-1/2"]
[WhiteElo "2487"]
[BlackElo "2604"]
[Annotator "Let's Check"]
[PlyCount "113"]
[EventDate "2012.05.28"]
[EventType "tourn"]
[EventRounds "7"]
[EventCountry "ARG"]
[EventCategory "13"]
[SourceTitle "CBM 149"]
[Source "ChessBase"]
[SourceDate "2012.07.17"]
[SourceVersion "1"]
[SourceVersionDate "2012.07.17"]
[SourceQuality "1"]

1. d4 Nf6 2. c4 e6 3. Nc3 Bb4 4. Qc2 c5 5. dxc5 O-O 6. a3 Bxc5 7. Nf3 Nc6 8.
Bf4 e5 9. Bg5 Nd4 10. Nxd4 exd4 11. Nd5 Qa5+ 12. Bd2 Qd8 13. Bg5 d3 14. Bxf6
dxc2 15. Bxd8 Rxd8 16. Rc1 b5 17. Rxc2 bxc4 18. e3 Rb8 19. Kd2 Ba6 20. b4 Bd6
21. Bxc4 Bb7 22. Rd1 a5 23. bxa5 Ra8 24. Ke2 Bxa3 $6 (24... Rxa5 25. Nf6+ $1
gxf6 $14) 25. a6 $18 Bxa6 26. Bxa6 Rxa6 27. Ra2 Ra5 (27... Rb8 28. Rda1 Rb3 $18
) 28. Rd3 $2 (28. Ne7+ $1 Bxe7 29. Rxa5 $18) 28... Rda8 $16 29. Nb6 Bf8 30.
Rxa5 Rxa5 31. Rxd7 Ra2+ 32. Kf3 Ra6 33. Rb7 g6 34. g4 Ra2 35. Nc4 Rc2 36. Ne5
f6 37. Nd7 Be7 38. Nb6 Rb2 39. Rxe7 Rxb6 40. h4 Rb5 41. Kg3 h5 42. f4 hxg4 43.
Kxg4 Rb1 44. Kf3 Rh1 45. Kg3 Kf8 46. Rc7 f5 47. Rc2 Kg7 48. Rh2 Re1 49. Kf2 Ra1
50. Kf3 Rf1+ 51. Ke2 Ra1 52. Rh3 Kh6 53. Kf3 Kh5 54. Rg3 Rh1 55. Rg5+ Kh6 56.
Kg3 Re1 57. Kf2 1/2-1/2

[Event "POL-ch U20"]
[Site "Sroda Wielkopolska"]
[Date "2006.02.10"]
[Round "7"]
[White "Szoen, Dariusz"]
[Black "Luch, Michal"]
[Result "0-1"]
[WhiteElo "2441"]
[BlackElo "2368"]
[Annotator "Macieja,B"]
[PlyCount "78"]
[EventDate "2006.02.04"]
[EventType "tourn"]
[EventRounds "11"]
[EventCountry "POL"]
[SourceTitle "CBM 113"]
[Source "ChessBase"]
[SourceDate "2006.07.31"]
[SourceVersion "1"]
[SourceVersionDate "2006.07.31"]
[SourceQuality "1"]

1. d4 Nf6 2. c4 e6 3. Nc3 Bb4 4. Qc2 c5 5. dxc5 O-O 6. a3 Bxc5 7. Nf3 b6 8. Bg5
Bb7 9. e4 h6 10. Bh4 Be7 11. Rd1 Nh5 12. Bg3 Nxg3 13. hxg3 a6 14. Be2 Qc7 ({
A novelty. In the game against Viktor Korchnoi, played during the Olympiad in
Bled in 2002, I went for} 14... Nc6 15. e5 ({Bad is} 15. O-O Rc8 {(with the
idea Na5)} 16. b4 a5 $1 17. b5 Nb8 18. Qb3 Qc7 {with advantage for Black
Sakalauskas - Macieja Polanica Zdroj 1997}) 15... Qc7 16. Nd5 ({Interesting is
} 16. Qe4 $5 Na5 17. Qg4 Bxf3 18. gxf3 Qxe5 (18... Rfc8 $2 19. Rxh6 Nxc4 20.
Bxc4 Qxc4 21. Ne4 {and White wins.}) 19. Rxh6 (19. Rxd7 $6 {leads to a small
advantage for Black after} Bxa3 $1 20. Rxh6 Bxb2) 19... Qg5 $1 ({Bad is} 19...
Bxa3 20. Rh1 g6 21. Qh4 Qg7 22. bxa3 Qxc3+ 23. Kf1 Qg7 24. Rxd7 {with
advantage for White.}) 20. Qxg5 Bxg5 21. Rh5 Bf6 22. Rxd7 (22. Na4 g6 $11)
22... g6 23. Rh1 Rac8 24. Ra7 Nxc4 25. Bxc4 Rxc4 26. Rxa6 Bxc3+ 27. bxc3 Rxc3
28. Ke2 Rc2+ 29. Kf1 $11) 16... exd5 17. cxd5 Rfe8 $1 18. Rh5 $6 (18. O-O $11)
18... Bf8 $1 19. dxc6 Qxc6 20. Qb3 b5 $1 {obtaining a small edge.}) 15. e5 $2 {
This pawn sacrifice is incorrect. I would recommend} (15. Qd2 $5 {with the
idea to play g4-g5, and also the rook sacrifice on h6, or the immediate}) (15.
g4 $5 Qf4 16. g5 $1 Bxg5 17. g3 Qf6 ({dangerous for Black is} 17... Qc7 18.
Nxg5 hxg5 19. Qd2) 18. Qb3 $1 {, in both cases with a strong initiative}) 15...
Bxf3 16. gxf3 Qxe5 17. f4 Qc7 18. f5 Nc6 19. Rh5 Rfe8 $6 (19... Rfd8 {looks
much better, as after} 20. Ne4 {Black can play} d5) 20. Ne4 f6 $2 {An
anti-positional move. More natural is} (20... Bf8 21. f6 g6 {while for players
with less courage I would recommend simply}) (20... exf5 21. Rxf5 Bf8) 21. c5
$6 ({Prior to concrete actions, it is worthy to secure the king, that's why I
would start with} 21. Kf1) 21... b5 $2 ({Being a pawn up and having a king
under a potential attack, Black should try to open a position himself,
tempting for massive exchanges, that's why it was better to play} 21... bxc5
22. fxe6 dxe6 23. Nxc5 (23. Bc4 Bf8) 23... Ne5 {with advantage.}) 22. Kf1 e5 $2
({Another anti-positional move, weakening white squares. Necessary was} 22...
Ne5 {, though White's compensation is out of question.}) 23. Qb3+ Kh8 (23...
Kf8 {led to advantage for White after} 24. Rxh6 gxh6 25. Bh5 Nd8 26. Bxe8 Qc6
27. f3 Ra7 28. Bg6) 24. Qf7 Nd4 {Best, but insufficient.} 25. Nxf6 $1 ({
Even more nicely White could win after} 25. Qg6 $1 d5 (25... Qc6 26. Rxd4 $1
exd4 27. Bd3 $1 {A beautiful, quiet move after which black is defenceless.} Bf8
{There is nothing better.} 28. Ng5 $3 fxg5 29. f6) 26. Rxh6+ gxh6 27. Qxh6+ Kg8
28. Qg6+ Kf8 (28... Kh8 29. Kg2 $18) 29. Qh7 $1 $18) 25... Bxf6 26. Rxh6+ gxh6
27. Qxf6+ Kg8 28. Qg6+ Kf8 29. Qxh6+ Kg8 30. Qg6+ Kf8 31. f6 d5 (31... d6 {
didn't help either, due to} 32. Kg2 Qf7 33. Qh6+ Kg8 34. Rh1 Qd5+ 35. f3 Kf7
36. Qg7+ Ke6 37. Rh7 $18) 32. cxd6 $6 ({The simplest was} 32. Kg2 $1 {followed
by Rh1 with unavoidable mate.}) 32... Qb7 33. Qh6+ Kg8 34. Rxd4 $2 ({White
could still win after} 34. d7 $1 Qxd7 35. Qg6+ Kf8 (35... Kh8 36. Kg2 $18) 36.
Bh5 $18) 34... exd4 35. Bf3 Qh7 36. Bd5+ $2 (36. f7+ {was leading to a
perpetual check :} Qxf7 37. Bd5 Qxd5 38. Qg6+ Kf8 39. Qf6+ Qf7 40. Qh8+) 36...
Kh8 37. Qf4 Ra7 $1 {The only move allowing to fight for a win.} 38. Kg2 $2 ({
There were still real chances for a draw after} 38. f7 Rxf7 39. Qxf7 Qxf7 40.
Bxf7 Rd8) 38... Re1 39. Kf3 Qh5+ 0-1

[Event "Andorra op 18th"]
[Site "Andorra"]
[Date "2000.06.25"]
[Round "2"]
[White "Granero Roca, Antonio"]
[Black "Marin, Mihail"]
[Result "0-1"]
[WhiteElo "2372"]
[BlackElo "2555"]
[Annotator "Marin,M"]
[PlyCount "58"]
[EventDate "2000.06.24"]
[EventType "swiss"]
[EventRounds "9"]
[EventCountry "AND"]
[SourceTitle "CBM 076 Extra"]
[Source "ChessBase"]
[SourceDate "2000.07.11"]
[SourceVersion "1"]
[SourceVersionDate "2000.07.11"]
[SourceQuality "1"]

1. d4 Nf6 2. c4 e6 3. Nc3 Bb4 4. Qc2 c5 5. dxc5 O-O 6. a3 Bxc5 7. Nf3 b6 8. Bf4
Nh5 $5 (8... Bb7 {There are several moments in which black can play this move:}
9. Rd1 Nc6 (9... Nh5) 10. e3 Nh5) 9. Bg5 Be7 10. Bxe7 Qxe7 11. e3 Bb7 12. Be2
Nc6 13. Rd1 $6 ({White should have taken the central lines under control with} 
13. O-O Rac8 14. Rfd1 $11 {/\Rac1}) 13... Rac8 (13... Nf6) 14. O-O (14. Nb5 d5)
14... Nf6 {Black did not succeed in doubling white's pawns on the c file, as
Nimzovitch's initial idea was, but he managed to weaken this wing anyway. (/
\Na5, ><c4, b3)} 15. b4 {><c4} Rfd8 16. Qb2 d6 {(/\Ng4-e5, ><c4)} 17. Rd2 {
There was no other way to bring the other rook into the play.} Ng4 18. Rfd1
Nce5 19. Nb5 (19. Nxe5 Nxe5 20. Nb5 Qg5 21. g3 Nf3+ 22. Bxf3 Bxf3 23. Nxd6 Rb8
$17) 19... Nxf3+ 20. gxf3 (20. Bxf3 Bxf3 21. gxf3 Ne5 22. Rxd6 Rxd6 23. Nxd6
Qg5+ 24. Kh1 Qh5 25. Qd4 $5 {Braga} (25. Nxc8 Qxf3+ 26. Kg1 Qxd1+ 27. Kg2 Qg4+
28. Kh1 Qe4+) 25... Nxf3 26. Qf4 g5 27. Qg3 Nxh2 28. Nxc8 Nf1+ $19) 20... Ne5
21. e4 (21. Nxd6 Nxf3+ 22. Bxf3 Bxf3 $17) (21. f4 Nf3+ 22. Bxf3 Bxf3 23. Nxd6
Qh4 $19) 21... Qg5+ (21... Qf6 $2 22. Nxd6 Rxd6 $2 23. Rxd6 Nxf3+ $2 24. Bxf3
Qxb2 25. Rd8+ Rxd8 26. Rxd8#) 22. Kh1 d5 23. Qd4 $5 (23. cxd5 exd5 24. exd5 a6
25. Nc3 (25. Nd4 Rxd5 $17) 25... Qh5 $17) 23... Qh5 $1 (23... Rxc4 24. Bxc4
Nxf3 25. Qe3 Qh5 26. Kg2 Qg4+ 27. Kf1 Nxh2+ $11) (23... Nc6 24. Qe3) 24. Rg1 (
24. Qe3 Nxc4 25. Bxc4 Rxc4 26. Nxa7 d4 27. Kg2 (27. Rxd4 Rcxd4 28. Rxd4 Rxd4
29. Qxd4 Qxf3+ 30. Kg1 h6) (27. Qd3 Ra8 28. Qxc4 (28. Kg2 b5) 28... Qxf3+ 29.
Kg1 Bxe4 30. Kf1 Qh1+ 31. Ke2 Bf3+ 32. Kd3 Bxd1 $19) 27... e5 28. Nb5 Rc6) (24.
exd5 exd5 (24... Nxf3 25. Qf4) 25. cxd5 (25. c5 bxc5 26. bxc5 Nxf3 27. Qf4 d4
$19) 25... Rxd5 $17) 24... g6 {(/\dxe4)} 25. Qe3 Nxc4 26. Bxc4 Rxc4 27. Nxa7 d4
28. Qf4 (28. Qd3 Ra8) 28... e5 29. Qg3 (29. Qf6 Rd6) 29... Rc3 0-1